000 00327nam a22001457a 4500
005 20180412155207.0
008 160629b xxu||||| |||| 00| 0 eng d
041 _aeng
082 _b10874
_a348
245 _aThe Industrial Disputes Acts 1947
260 _bCurrent
300 _a120
650 _aManagement
_9241
942 _cBK
999 _c4783
_d4781